<?xml version="1.0" encoding="UTF-8"?>
<record
    xmlns:xsi="http://www.w3.org/2001/XMLSchema-instance"
    xsi:schemaLocation="http://www.loc.gov/MARC21/slim http://www.loc.gov/standards/marcxml/schema/MARC21slim.xsd"
    xmlns="http://www.loc.gov/MARC21/slim">

  <leader>02690nam a2200265Ia 4500</leader>
  <controlfield tag="001">295</controlfield>
  <controlfield tag="003">OSt</controlfield>
  <controlfield tag="005">20250204083046.0</controlfield>
  <controlfield tag="008">241024s2009    dr ac  f n   z001|0 spa d</controlfield>
  <datafield tag="020" ind1=" " ind2=" ">
    <subfield code="a">978-9945-427-78-3</subfield>
  </datafield>
  <datafield tag="040" ind1=" " ind2=" ">
    <subfield code="a">CDG006</subfield>
    <subfield code="b">spa</subfield>
    <subfield code="c">CDG006</subfield>
    <subfield code="e">rda</subfield>
  </datafield>
  <datafield tag="082" ind1="0" ind2="4">
    <subfield code="a">RD/306/C749c</subfield>
    <subfield code="2">21</subfield>
  </datafield>
  <datafield tag="110" ind1=" " ind2=" ">
    <subfield code="a">Rep&#xFA;blica Dominicana,   Universidad Aut&#xF3;noma de Santo Domingo </subfield>
  </datafield>
  <datafield tag="111" ind1=" " ind2=" ">
    <subfield code="a">Congreso Iberoamericano: Cultura, Diversidad y Di&#xE1;logo</subfield>
  </datafield>
  <datafield tag="245" ind1=" " ind2="0">
    <subfield code="a">Congreso Iberoamericano :</subfield>
    <subfield code="b">Cultura, Diversidad y Di&#xE1;logo /</subfield>
    <subfield code="c">coordinador C&#xE9;sar Zapata</subfield>
  </datafield>
  <datafield tag="260" ind1=" " ind2=" ">
    <subfield code="a">Santo Domingo : </subfield>
    <subfield code="b">Universidad Aut&#xF3;noma de Santo Domingo</subfield>
    <subfield code="c">2009</subfield>
  </datafield>
  <datafield tag="300" ind1=" " ind2=" ">
    <subfield code="a">173 p.</subfield>
  </datafield>
  <datafield tag="500" ind1=" " ind2=" ">
    <subfield code="a">Investigar sobre lo propio en relaci&#xF3;n con las alteridades, lenguas, tradiciones, patrimonio e historia de otros paises nos brinda una visi&#xF3;n m&#xE1;s amplia de nuestros propios valores culturales en lo que tenemos de semejanzas y diferencias.</subfield>
  </datafield>
  <datafield tag="505" ind1=" " ind2=" ">
    <subfield code="a">&#xCD;ndice - Presentaci&#xF3;n...9 - BOLIVAR TRONCOSO MORALES &#x2013; Pr&#xF3;logo&#x2026;13-  CESAR ZAPATA - Estrategias identitarias sobresalientes en la expresi&#xF3;n literaria antillana contempor&#xE1;nea: La toma de conciencia de la desvalorizaci&#xF3;n identitaria 
CUNA CARMEN&#x2026;19  - Texto y contexto de la contra conservaci&#xF3;n. JOSE ENRIQUE DELMONTE SO&#xD1;E&#x2026;41- La ciudadan&#xED;a: Entre la desterritorializaci&#xF3;n y el  ulticulturalismo JUAN GELABERT 49 -  Cultura y diversidad en Santo Domingo: Un abordaje etnohist&#xF3;rico JOSE G. GUERRERO 61 - La fiesta en el Per&#xFA; y el mundo andino LUIS ORLANDO REPETO M&#xC1;LAGA..73 - Identidades globalizadas: Resistencia y creaci&#xF3;n intercultural. JOS&#xC9; ANTONIO MAC GREGOR&#x2026; 83 -  Diversidad cultural: Entre conflictos y di&#xE1;logos, caso Bolivia. NORMA CAMPOS VERA.. 89 -  Diversidad cultural, una pr&#xE1;ctica. La experiencia del Centro Cultural San Mart&#xED;n MAR&#xCD;A VICTORIA ALCARAZ.. 99 -  La hibridaci&#xF3;n subliminal en la cultura dominicana contempor&#xE1;nea n MARTHA ELLEN DAVIS.. 107 - Estrategias para entrar y salir de la mulatidad: El concepto de "poes&#xED;a mulata" en Fernando Ortiz y Tom&#xE1;s Hern&#xE1;ndez Franco MEDAR SERRATA.. 117 - El doble del dictador. Poderes del Estado en la imaginaci&#xF3;n popular LAUREN DERBY..127 - Enfrentando la Ocupaci&#xF3;n: Hacia un estudio comparativo de resistencia armada en Centroam&#xE9;rica y el Caribe ROBERT SIERAKOWSKI&#x2026;139 -  Globalizaci&#xF3;n, arte, cultura popular e identidad nacional CARLOS ANDUJAR PERSINAL&#x2026;147 - Derechos culturales en Iberoam&#xE9;rica MATEO MORRISON&#x2026;159 - 159. lagas....165.


</subfield>
  </datafield>
  <datafield tag="650" ind1=" " ind2=" ">
    <subfield code="a">1. Cultura. 2. Identidad nacional. 3. Identidad cultural</subfield>
    <subfield code="x">Caribe(Regi&#xF3;n). 4. Cultura popular.</subfield>
  </datafield>
  <datafield tag="700" ind1=" " ind2=" ">
    <subfield code="a">Zapata, C&#xE9;sar, coord.</subfield>
  </datafield>
  <datafield tag="901" ind1=" " ind2=" ">
    <subfield code="a">29/10/2010 3:30:16 p.m.</subfield>
  </datafield>
  <datafield tag="942" ind1=" " ind2=" ">
    <subfield code="2">ddc</subfield>
    <subfield code="c">LIB</subfield>
    <subfield code="n">0</subfield>
  </datafield>
  <datafield tag="999" ind1=" " ind2=" ">
    <subfield code="c">9844</subfield>
    <subfield code="d">9844</subfield>
  </datafield>
  <datafield tag="952" ind1=" " ind2=" ">
    <subfield code="0">0</subfield>
    <subfield code="1">0</subfield>
    <subfield code="2">ddc</subfield>
    <subfield code="4">0</subfield>
    <subfield code="7">0</subfield>
    <subfield code="a">IDEICE</subfield>
    <subfield code="b">IDEICE</subfield>
    <subfield code="d">2025-02-03</subfield>
    <subfield code="i">CGDI006</subfield>
    <subfield code="l">0</subfield>
    <subfield code="o">RD/306/C749c</subfield>
    <subfield code="r">2025-02-03 14:56:31</subfield>
    <subfield code="w">2025-02-03</subfield>
    <subfield code="y">LIB</subfield>
  </datafield>
</record>
